| 000 | 01239nam a2200313Ia 4500 | ||
|---|---|---|---|
| 001 | ebr10096595 | ||
| 003 | CaPaEBR | ||
| 006 | m u | ||
| 007 | cr cn||||||||| | ||
| 008 | 000000s1991 enka s 000 0 eng d | ||
| 010 | _z 91013774 | ||
| 020 | _z020347399X | ||
| 020 | _z0442314779 | ||
| 040 |
_aCaPaEBR _cCaPaEBR |
||
| 035 | _a(OCoLC)84860178 | ||
| 041 | 0 | _aeng | |
| 050 | 1 | 4 |
_aGV433.G7 _bS29 1991eb |
| 100 | 1 |
_aSayers, Philip, _d1945- |
|
| 245 | 1 | 0 |
_aManaging sport and leisure facilities _h[electronic resource] : _ba guide to competitive tendering / _cPhilip Sayers. |
| 260 |
_aLondon ; _aNew York : _bE. & F.N. Spon, _c1991. |
||
| 300 |
_aix, 277 p. : _bill. |
||
| 533 |
_aElectronic reproduction. _bPalo Alto, Calif. : _cebrary, _d2006. _nAvailable via World Wide Web. _nAccess may be limited to ebrary affiliated libraries. |
||
| 650 | 0 |
_aSports facilities _zGreat Britain _xManagement. |
|
| 650 | 0 |
_aLeisure industry _zGreat Britain _xManagement. |
|
| 650 | 0 |
_aContracts for work and labor _zGreat Britain. |
|
| 655 | 7 |
_aElectronic books. _2local |
|
| 710 | 2 | _aebrary, Inc. | |
| 856 | 4 | 0 |
_uhttp://site.ebrary.com/lib/rucke/Doc?id=10096595 _zAn electronic book accessible through the World Wide Web; click to view |
| 999 |
_c194266 _d194266 |
||